000 00341 a2200109 4500
001 ART_2919
005 20260410161711.0
008 260409a
245 1 0 _aAspectos dinámicos de la inflación estructural
100 1 _aOlivera, Julio H.G.
773 0 _tDesarrollo económico
_g- Vol. 7, Nº 27 (oct./dic. 1967)
_wREV1174
999 _c16066
_d16066